| 000 | 05793nam a22006137a 4500 | ||
|---|---|---|---|
| 005 | 20110217121632.0 | ||
| 010 | _aB-422364-397 | ||
| 020 |
_c450.00 _a9788131512746 |
||
| 035 | _aB-422364-397 | ||
| 037 | _bUBH | ||
| 082 | _a000 | ||
| 100 |
_aBrien, Barry O' _926026 |
||
| 245 |
_aGeneral knowldge manual 2010 / _cby Barry O' Brien |
||
| 260 |
_aDelhi _bCengage Learning India _c2010 |
||
| 270 |
_a418, F.I.E. Patparganj _bDelhi _e110092 |
||
| 300 |
_aVarious pagings _c25cm(pbk) |
||
| 490 |
_aCengage Learning exam crack series _926027 |
||
| 942 |
_2ddc _cEN _mBRI _h000 |
||
| 999 |
_c35510 _d35510 |
||